| 000 | 00586cam a22001571 4500 | ||
|---|---|---|---|
| 001 | 000016353 | ||
| 005 | 20200929164403.0 | ||
| 008 | 811006s1960 mx 000 0 spa | ||
| 040 |
_aDO-SdBNP _bspa _cBNPHU |
||
| 100 | 1 |
_aOlmedo, José Joaquín de, _d1780-1847. _936474 |
|
| 245 | 1 | 0 |
_aJosé Joaquín Olmedo : _bpoesía, prosa / _cestudio y selecciones de Aurelio Espinosa Pólit. |
| 260 |
_aPuebla, México, : _bJ. M. Cajica, _c1960. |
||
| 300 |
_a531 p. ; _c22 cm. |
||
| 490 | 0 | _aBiblioteca ecuatoriana mínima. La colonia y la república | |
| 700 | 1 |
_aEspinoza Polit, Aurelio, _esel. _936475 |
|
| 999 |
_c15888 _d15888 |
||